Scenes
| Main Author: | |
|---|---|
| Format: | Print Book |
| Language: | English |
| Published: |
Beverly Hills, Calif. [u.a.]
SAGE Publ.
1977
|
| In: |
The City & society (1)
Year: 1977 |
| Availability in Tübingen: | Present in Tübingen. UB: KB 8 A 80 |
| Check availability: | HBZ Gateway |
| Subito Delivery Service: | Order now. |
| Keywords: |
MARC
| LEADER | 00000cam a2200000 c 4500 | ||
|---|---|---|---|
| 001 | 223029858 | ||
| 003 | DE-627 | ||
| 005 | 20251222205606.0 | ||
| 007 | tu | ||
| 008 | 970129s1977 xxu||||| 00| ||eng c | ||
| 020 | |a 0803908237 |9 0-8039-0823-7 | ||
| 020 | |a 0803908245 |9 0-8039-0824-5 | ||
| 035 | |a (DE-627)223029858 | ||
| 035 | |a (DE-576)023772409 | ||
| 035 | |a (DE-599)GBV223029858 | ||
| 035 | |a (OCoLC)833014334 | ||
| 035 | |a (OCoLC)02798492 | ||
| 035 | |a (DE-604)8032793863 | ||
| 040 | |a DE-627 |b ger |c DE-627 |e rakwb | ||
| 041 | |a eng | ||
| 044 | |c XD-US | ||
| 082 | 0 | |a 301.1 | |
| 084 | |a 44 |a 1 |2 sdnb | ||
| 084 | |a MS 1750 |2 rvk |0 (DE-625)rvk/123613: | ||
| 084 | |a RU 10627 |2 rvk |0 (DE-625)rvk/142508:12801 | ||
| 084 | |a 71.00 |2 bkl | ||
| 100 | 1 | |8 1\p |a Irwin, John |d 1929- |0 (DE-588)1113790482 |0 (DE-627)867878150 |0 (DE-576)477101003 |4 aut | |
| 109 | |a Irwin, John 1929- | ||
| 245 | 1 | 0 | |a Scenes |c by John Irwin |
| 264 | 1 | |a Beverly Hills, Calif. [u.a.] |b SAGE Publ. |c 1977 | |
| 300 | |a 236 S |b Ill. | ||
| 336 | |a Text |b txt |2 rdacontent | ||
| 337 | |a ohne Hilfsmittel zu benutzen |b n |2 rdamedia | ||
| 338 | |a Band |b nc |2 rdacarrier | ||
| 490 | 1 | |a The city and society |v 1 | |
| 583 | 1 | |a Archivierung prüfen |c 20200919 |f DE-640 |z 2 |2 pdager | |
| 583 | 1 | |a Archivierung prüfen |c 20240324 |f DE-4165 |z 1 |2 pdager | |
| 583 | 1 | |a Archivierung/Langzeitarchivierung gewährleistet |c 20240722 |f NI-LastCopies |x XA-DE-NI |z Potenzieller Alleinbesitz Niedersachsen |2 pdager |5 DE-89 | |
| 689 | 0 | 0 | |d g |0 (DE-588)4078704-7 |0 (DE-627)106076612 |0 (DE-576)209209682 |a USA |2 gnd |
| 689 | 0 | 1 | |d s |0 (DE-588)4077811-3 |0 (DE-627)106079239 |0 (DE-576)209206349 |a Stadtsoziologie |2 gnd |
| 689 | 0 | |5 (DE-627) | |
| 830 | 4 | |a The City & society |v 1 |9 1 |w (DE-627)129983934 |w (DE-576)008348510 |w (DE-600)413180-0 |7 am | |
| 883 | |8 1\p |a cgwrk |d 20250505 |q DE-101 |u https://d-nb.info/provenance/plan#cgwrk | ||
| 935 | |i Blocktest | ||
| 936 | r | v | |a MS 1750 |b Allgemeine Darstellungen |k Soziologie |k Spezielle Soziologien |k Stadtsoziologie |k Allgemeine Darstellungen |0 (DE-627)127144092X |0 (DE-625)rvk/123613: |0 (DE-576)20144092X |
| 936 | r | v | |a RU 10627 |b Städte |k Geografie |k Regionale Geografie |k Amerika |k Nordamerika |k USA |k USA |k Allgemeine Geografie |k Anthropogeografie |k Siedlungsgeografie |k Teilgebiete und Einzelfragen |k Städte |0 (DE-627)1271606429 |0 (DE-625)rvk/142508:12801 |0 (DE-576)201606429 |
| 936 | b | k | |a 71.00 |j Soziologie: Allgemeines |0 (DE-627)106423444 |
| 951 | |a BO | ||
| ELC | |b 1 | ||
| LOK | |0 000 xxxxxcx a22 zn 4500 | ||
| LOK | |0 001 3353471812 | ||
| LOK | |0 003 DE-627 | ||
| LOK | |0 004 223029858 | ||
| LOK | |0 005 20020606000000 | ||
| LOK | |0 008 910404||||||||||||||||ger||||||| | ||
| LOK | |0 040 |a DE-21 |c DE-627 |d DE-21 | ||
| LOK | |0 852 |a DE-21 | ||
| LOK | |0 852 1 |c KB 8 A 80 |9 00 | ||
| LOK | |0 935 |a krim | ||
| LOK | |0 936ln |a k7.3.1.3 | ||
| LOK | |0 939 |a 04-04-91 |b l01 | ||
| ORI | |a SA-MARC-krimdoka001.raw | ||
| SIG | |a UB: KB 8 A 80 | ||
